000 00806nam a22002417a 4500
999 _c15083
_d15083
003 MIRAKIL
005 20221206122139.0
008 221206b tu ||||| |||| 00| 0 tur d
040 _aTR-AnCHP
_cTR-AnCHP
041 _atur
082 _a813. 42
_bİ63b 2022
100 _aİpek, Metin
245 1 0 _aAnkara :
_bbir hitit efsanesi /
_cMetin İpek; editör Mükremin Yıldırım, Remziye Gizem Yıldız.
246 _abir hitit efsanesi
260 _a Ankara :
_bAnkara Büyükşehir Belediyesi,
_c2022.
300 _a120 sayfa :
_bresim ;
_c18 sm.
650 0 _919
_aTürk edebiyatı
_xHikaye
650 0 _919
_aTürk edebiyatı
_xçocuk kitabı
700 _97257
_aYıldırım, Mükremin
_eed.
700 _97258
_aYıldız, Remziye Gizem
_eed.
740 _abir hitit efsanesi
942 _2ddc
_cBKS